000 00939nam a2200181 a 4500
008 120416s1998 ||||||||||||||||| || u
020 _a8175330678
050 _aHD 1417 Man
100 _aPandey, D. C
245 1 0 _aManaging agriculture for a better tomorrow: the Indian experience
_cedited by D. C. Pandey
260 _aNew Delhi:
_bM. D. Publications
_c1998
350 _a0.00
650 _aAGRICULTURE--ECONOMIC ASPECTS--INDIA
650 _aAGRICULTURE
995 _aANNEX COLLECTION (Main Library)
_D0.00
_e732279
_FCBU-MAIN LIBRARY (Kitwe)
_H1
_I25.00
_jHD 1417 Man
_M1
_UAVAILABLE
_y029910
_ZAnnex Low-Usage Collection
995 _aANNEX COLLECTION (Main Library)
_D0.00
_e732280
_FCBU-MAIN LIBRARY (Kitwe)
_H2
_I25.00
_jHD 1417 Man
_M2
_UAVAILABLE
_y029911
_ZAnnex Low-Usage Collection
995 _aANNEX COLLECTION (Main Library)
_D0.00
_e732281
_FCBU-MAIN LIBRARY (Kitwe)
_H3
_I25.00
_jHD 1417 Man
_M3
_UAVAILABLE
_y029906
_ZAnnex Low-Usage Collection
999 _c82534
_d82534